Statistics for LOONA Songs

Click here to take the quiz!

General Stats

  • This quiz has been taken 225 times
    (144 since last reset)
  • The average score is 57 of 87

Answer Stats

Answer% Correct
Heart Attack
96%
ViViD
91%
ViViD (Acoustic Mix)
91%
Eclipse
90%
Flip That
89%
HI High
88%
Love Cherry Motion
88%
Butterfly
87%
Egoist
87%
PTT (Paint The Town)
87%
Singing in the Rain
87%
So What
86%
Why Not?
85%
Star
83%
Everyday I Love You
82%
love4eva
81%
LOONATIC
80%
Girl Front
79%
Kiss Later (키스는 다음에)
79%
The Carol
79%
The Carol 2.0
79%
X X
78%
Everyday I Need You
76%
Love & Live (지금, 좋아해)
76%
Pale Blue Dot
76%
new
75%
365
74%
favOriTe
73%
Odd
73%
Twilight
73%
Around You (다녀가요)
72%
One & Only
72%
12:00
71%
Let Me In (소년, 소녀)
71%
Sonatine (알 수 없는 비밀)
71%
Sweet Crazy Love
71%
frozen
70%
My Sunday
70%
Girl's Talk
69%
Love & Evil
69%
Colors (색깔)
68%
Rosy
68%
D-1
67%
Love Letter
67%
My Melody
67%
See Saw
67%
ODD Front
65%
Puzzle
65%
Satellite (위성)
65%
I'll Be There
63%
Starlight
63%
+ +
62%
Stylish
61%
Chaotic
60%
Dance On My Own
60%
WOW
60%
Heat (열기)
59%
Perfect Love
58%
#
57%
OOPS!
57%
The Journey
57%
Voice (목소리)
57%
POSE
56%
Hide & Seek (숨바꼭질)
55%
Valentine Girl (3월을 기다려)
55%
&
54%
Playback
53%
Rain 51Db (비의 목소리 51Db)
52%
Uncover
52%
Where You At
51%
U R
49%
Curiosity
48%
Ding Ding Dong (땡땡땡)
48%
Be Honest
47%
Oh (Yes I Am)
47%
Universe
47%
ADD
46%
You and Me Together
46%
dal segno
43%
one way
43%
Number 1
42%
rendezvous 18.6y
41%
Fairy Tale
40%
Fall Again (기억해)
40%
Need U
39%
A Different Night
38%
Into the New Heart
36%

Score Distribution

Percentile by Number Answered

Percent of People with Each Score

Your Score History

You have not taken this quiz since the last reset